000 00748nam a2200241Ia 4500
003 OSt
005 20241010142254.0
008 210716s2008 xx 000 0 und d
020 _a9780198089407
040 _cAIMIT LIBRARY
041 _aeng
082 _a382.6
_22
_bPAUJ
100 _aPaul, Justin.
_9182098
245 _aExport import management /
_cBy Justin Paul and Rajiv Aserkar.
250 _a2nd ed.
260 _aNew Delhi :
_bOxford University Press ,
_c2008.
300 _axiv,397p. ;
_bPB
_c25 cm
650 _aMethods and instruments of payment and pricing
_9182099
650 _aWorld shipping
_9182100
650 _aExport incentive schemes
_9182101
700 _aAserkar, Rajiv.
_9182102
942 _2ddc
_cBK
_e2nd
_k382.6 PAUJ
999 _c209654
_d209654